000
00362nam a22001337a 4500
082
_a
891.4391
100
_a
Yousfi, Khalid
245
_a
Yadein pagal kar daiti hein /
_c
Khalid yousfi
260
_a
Lahore :
_b
Qadri verity House;
_c
2019.
300
_a
205 p.
_c
24 cm.
942
_2
ddc
_c
BK
999
_c
566317
_d
566317